zpět

Detail výsledku týmu

A-Sport, Hradec Králové

Datum a čas kvízu

20 Celkem bodů Celkový počet nahraných bodů na tomto kvízu bez doplňovacích otázek.
8. Pořadí na kvízu Konečné umístění týmu na tomto kvízu.

Zaznamenané odpovědi

# Otázka Odpověď Body Výsledky
1. Minulý týden roztálo sněhové p... Mapa republiky 1
2. V pátek byl v italských Benátk... Mojžíš 1
3. Minulý týden oslavil osmdesáté... Ringo Starr 1
4. Ve středu oslavil jeden význam... Ryanair 1
5. Nejslavnější bývalý atlet na s... Olympia Lightning 0
6. Různé návykové látky jsou užív... pelyněk (pravý) 1
7. Užívání tabákových výrobků je... polevím z vysokejch otáček 0
8. Vhodné kultivary konopí jsou p... pazdeří 0
9. Znáte nebo dokážete odvodit ná... Heroin 0
10. Kokain je získáván z listů tro... D 1